000 00825nam a22002297a 4500
999 _c14578
_d14578
003 MIRAKIL
005 20211214000620.0
008 211026b tu ||||| |||| 00| 0 tur d
040 _aTR-AnCHP
_cTR-AnCHP
041 _bTur
082 _a324.2561092
_bK25o 1979
100 _aKanbolat, Yahya
245 1 0 _aOlduğu gibi :
_bTürkiye İşçi Partisi üzerine anılar /
_cYahya Kanbolat
246 _aTürkiye İşçi Partisi üzerine anılar
260 _aHatay :
_bBayır Yayınları,
_c1979.
300 _a164 s.:
_c20 sm.
600 0 _96780
_aKanbolat, Yahya
_cTİP Eski Genel Sekreteri ve Hatay Milletvekili
_d1928-2000
_xAnılar
650 0 _aSiyaset ve yönetim
_xTürkiye
_99
650 0 _9804
_aSiyasi partiler
_xTürkiye İşçi Partisi
740 _aTürkiye İşçi Partisi üzerine anılar
942 _2ddc
_cBKS